| 000 | 02274nam a2200277 a 4500 | ||
|---|---|---|---|
| 001 | BRCA_8951 | ||
| 005 | 20190320210454.0 | ||
| 008 | 040717s1755----sp-#######---#000-0#spa-# | ||
| 041 | _aspa | ||
| 044 | _asp | ||
| 084 |
_aLE20 _b.C56 1755 |
||
| 100 | 1 |
_aChoisy, François Timoléon, Abad de _d1644 - 1724 _922246 |
|
| 245 | 1 | 0 |
_aHistoria general de la iglesia, desde su fundación, hasta este presente siglo, _cescrita en idioma francés por el señor Abad de Choysi, de la Academia Francesa; y traducida en Castellano por Don Estevan Gazan. |
| 260 |
_aMadrid _bEn la Imprenta de Antonio Perez de Soto _c1755 |
||
| 300 |
_a382 p. (t.10) _c20 x 14.3 cm |
||
| 500 | _aCon privilegio | ||
| 500 | _aEn portada: Contiene todos los sucesos memorables acaecidos en la serie de los siglos: Todos los Concilios, la Succession de los Sumos Pontifices, de los Emperadores de ambos Imperios, de Oriente, y Occidente: Los Varones Ilustres, que florecieron: Sus Obras: Los Heresiarcas, las Persecuciones de la Iglesia: Escritos de los Santos Padres: Los tormentos de todos los Martyres de la Christyandad: Sacado de la Escritura Sagrada, de la Tradicion, y de los mas verídicos Historiadores | ||
| 500 | _aEn portada: Dedicada a la Sagrada Religión de la Compañía de Jesús | ||
| 500 | _aEstado físico: presenta encuadernación en pergamino con cintas rotas | ||
| 500 | _aCon marca de fuego: “Procedencia de la marca: Convento de San Diego de México, D. F.(1). Institución: Orden de Frailes Menores. Provincia de San Pedro y San Pablo de Michoacán. Descripción: Monograma que se desata como: S[an] Die[go]. Observaciones: Rafael Sala, Carlos Krausse y David Saavedra la catalogan como perteneciente al Convento de San Diego de la Ciudad de México. ---------- La marca BF-12010 y la 12011 son un poco más altas (20 x 23 mm) y la BEFK-12086 es más alta y más ancha (22 x 24 mm). Ubicación de la marca en el libro: Canto inferior” | ||
| 650 | 1 | 4 |
_aHistoria eclesiástica _yObras anteriores a 1800 _922247 |
| 700 | 1 |
_aGazan, Estevan _etr. _922248 |
|
| 856 | _ahttp://www.marcasdefuego.buap.mx:8180/xmLibris/projects/firebrand/item.jsp?repository=marcas_de_fuego&key=marcas_de_fuego_franciscanas_20161116123045_bc66.xml&num=144 | ||
| 902 | _aCFM | ||
| 942 |
_2lcc _cB |
||
| 999 |
_c8602 _d8602 |
||